| 000 | 00620 a2200193 4500 | ||
|---|---|---|---|
| 999 |
_c196530 _d196530 |
||
| 005 | 20230714121325.0 | ||
| 010 | _aENG-137388 | ||
| 020 |
_a9789380831046 _c820.00 |
||
| 035 | _aEN-137388 | ||
| 037 | _bDBAD/Pub | ||
| 082 | 1 | 4 | _a621.3822 |
| 100 | 1 | _aBhushan .K | |
| 245 | 1 |
_aDigital Signal Processing _cK. Bhushan [and] B.Srinivas |
|
| 260 |
_aHyderabad _bSevenHills International Publishers _c2023 |
||
| 270 |
_a7-1-277/242, 2nd floor near B K Guda Park, S R Nagar _bHyderabad _e500 038 |
||
| 300 |
_axxviii, 422p.; _c25(pbk) |
||
| 700 | _aSrinivas, B. | ||
| 942 |
_cEN _2ddc _h621.3822 _mBHU _eFirst |
||